| 000 | 00682nam a2200229Ia 4500 | ||
|---|---|---|---|
| 005 | 20230320120233.0 | ||
| 008 | 131103s9999 xx 000 0 und d | ||
| 040 | _aLoreto College | ||
| 041 | _aEnglish | ||
| 082 |
_a822.6 _bGOL-HER |
||
| 100 | _aGoldsmith,Oliver | ||
| 245 |
_aShe stoops to conquer _cOliver Goldsmith; with introduction and notes by Robert Herring |
||
| 260 |
_aLondon _bMacmillan _c1960 |
||
| 300 | _axiv,107 [4] p. | ||
| 504 | _aIncludes bibliographical references | ||
| 630 | _aGoldsmith,Oliver,She Stoops to Conquer | ||
| 650 | _aGoldsmith Oliver,1730 - 74 | ||
| 651 | _aEnglish Drama | ||
| 700 | _aHerring,Robert | ||
| 850 | _aLCLIB | ||
| 942 | _cBK | ||
| 999 |
_c4144 _d54623 |
||